00688nam a2200193 a 450000100100000000500170001000800410002702000150006804000250008308200080010810000150011624501660013126000430029730000340034049000270037470000320040170000340043383000270046700003994620201002033826.0130731s1995 sp ab 000 0 spa d a8408014064 aDO-SdBNPbspacBNPHU axxx1 aZhisui, Li13aLa vida privada del presidente Mao :bMemorias del médico personal de Mao /cLi Zhisui ; introducción Andrew J. Nathan ; traducción Carlos Pujol Lagarriga. aBarcelona, España :bPlaneta,c1995. a820 p. :bil., map. ;c24 cm.1 aLa linea del horizonte1 aNathan, Andrew J.,eintrod.1 aPujol Lagarriga, Carlos,etr. 0aLa linea del horizonte